Frank de Boer's Inter - Statistics

General Stats
  • This quiz has been taken 11 times
  • The average score is 14 of 24
Answer Stats
Rank Player Position Nationality Matches Goals Assists % Correct
18 Geoffrey Kondogbia Defensive Midfield 5 0 0
100%
1 Samir Handanovič Goalkeeper 14 0 0
100%
7 Ivan Perišić Right Winger 12 2 1
89%
2 Mauro Icardi Centre-Forward 14 8 2
89%
22 Stevan Jovetić Second Striker 3 0 0
89%
14 Marcelo Brozović Defensive Midfield 6 0 1
78%
6 Miranda Centre-Back 12 0 0
78%
11 João Mário Left Winger 8 1 1
67%
17 Rodrigo Palacio Centre-Forward 6 1 1
67%
19 Andrea Ranocchia Centre-Back 4 0 0
56%
3 Antonio Candreva Attacking Midfield 14 1 3
56%
12 Danilo D'Ambrosio Centre-Back 8 0 0
56%
8 Gary Medel Centre-Back 11 0 0
56%
15 Yuto Nagatomo Left-Back 6 0 0
56%
13 Cristian Ansaldi Left-Back 7 0 0
44%
4 Éder Centre-Forward 13 1 1
44%
21 Felipe Melo Defensive Midfield 4 0 0
44%
5 Jeison Murillo Centre-Back 12 0 0
44%
16 Assane Demoya Gnoukouri Central Midfield 6 0 0
33%
10 Davide Santon Left-Back 10 0 1
33%
9 Éver Banega Central Midfield 11 1 2
33%
24 Gabriel Barbosa Centre-Forward 1 0 0
33%
23 Jonathan Biabiany Right Winger 1 0 0
22%
20 Senna Miangue Centre-Back 4 0 0
11%
No matching quizzes found
Score Distribution
Percent of People with Each Score
Percentile by Number Answered
Your Score History
You have not taken this quiz